Normal view
MARC view
- Boeing, Herman V
Entry Personal Name
001 - CONTROL NUMBER
- control field: 75779
003 - CONTROL NUMBER IDENTIFIER
- control field: NUST
005 - DATE AND TIME OF LATEST TRANSACTION
- control field: 20210628205506.0
008 - FIXED-LENGTH DATA ELEMENTS
- fixed length control field: 210628|| aca||aabn | a|a d
040 ## - CATALOGING SOURCE
- Original cataloging agency: NUST
- Transcribing agency: NUST
100 ## - HEADING--PERSONAL NAME
- Personal name: Boeing, Herman V
670 ## - SOURCE DATA FOUND
- Source citation: Work cat.: (NUST): Boeing, Herman V, Advances in low-temperature plasma chemistry technology applications, 1984
